|
|
|
|
| LEADER |
00661nam a2200265 a 4500 |
| 001 |
adlib96000001 |
| 003 |
ViArRB |
| 005 |
20151028161938.0 |
| 008 |
960221s1955 dcuabcdjdbkoqu001 0deng d |
| 020 |
|
|
|
| 022 |
|
|
|
| 040 |
|
|
|a Adlib
|
| 082 |
|
|
|a 001.6421
|
| 245 |
|
|
|a Wordstar reference manual : for release 3.3
|
| 250 |
|
|
|
| 260 |
|
|
|a USA,
|b Micropro,
|c 1983
|
| 300 |
|
|
|a ,
|b ,
|c Book
|
| 500 |
|
|
|a School of Marine Sciences
|
| 653 |
|
|
|a
|
| 100 |
|
|
|
| 700 |
|
|
|
| 942 |
|
|
|c BK
|6 _
|
| 942 |
|
|
|c BK
|
| 999 |
|
|
|c 72180
|d 72180
|
| 952 |
|
|
|0 0
|1 0
|4 0
|6 0016421_WSTM3
|7 0
|9 84037
|a SOS
|b SOS
|d 0000-00-00
|o 001.6421 WST/M3
|p IF007488
|r 2009-07-13
|w 2009-07-13
|y BK
|